Viete komunikovať so zákazníkom?

In-store - aktívny nástroj na podporu predaja. Úloha marketingovej komunikácie v maloobchode. Investície do reklamy. Objem finančných prostriedkov vynaložený na reklamu za rok 2002 v jednotlivých obchodných reťazcoch na Slovensku.

Salvato in:
Dettagli Bibliografici
Autore principale: Bokorová, Jana
Natura: Capitolo di libro
Lingua:slovacco
Soggetti:
Tags: Aggiungi Tag
Nessun Tag, puoi essere il primo ad aggiungerne!!

MARC

LEADER 00000naa a2200000 4500
001 r048490
005 20231004094411.4
041 0 |a slo 
044 |a SK 
245 1 0 |a Viete komunikovať so zákazníkom?  |c Jana Bokorová 
520 |a In-store - aktívny nástroj na podporu predaja. Úloha marketingovej komunikácie v maloobchode. Investície do reklamy. Objem finančných prostriedkov vynaložený na reklamu za rok 2002 v jednotlivých obchodných reťazcoch na Slovensku. 
610 2 0 |a podpora predaja 
610 2 0 |a komunikácia marketingová 
610 2 0 |a zákazníci 
610 2 0 |a reklama 
610 2 0 |a reťazce obchodné 
610 2 0 |a Slovensko 
100 1 |a Bokorová, Jana